| 000 | 00658nam a2200229Ia 4500 | ||
|---|---|---|---|
| 003 | OSt | ||
| 005 | 20220916111029.0 | ||
| 006 | a|||||r|||| 00| 0 | ||
| 007 | ta | ||
| 008 | 220915b |||||||| |||| 00| 0 eng d | ||
| 024 | _a123753 | ||
| 037 | _cTextbook | ||
| 040 |
_beng _aARTS _cARTS |
||
| 041 | _aeng | ||
| 082 | _aV63:190671:N5, J2 (906) | ||
| 110 | _aGreat Britian | ||
| 245 | 0 | _aBasutoland, the Bechuanaland protectorate and Swaziland : history of discussions with the Union of South Africa, 1909-1939 | |
| 260 | _c1952 | ||
| 650 | _aHISTORY | ||
| 942 |
_hV63:190671:N5, J2 (906) _cTB _2CC |
||
| 999 |
_c103913 _d103913 |
||